A Good Alphabetical Geography Of China - Statistics

General Stats
  • This quiz has been taken 19 times
  • The average score is 13 of 26
Answer Stats
YYAASS Answer % Correct
The capital Beijing
94%
Mountain shared with Nepal Everest
94%
Desert Gobi
89%
China's enemy Japan
89%
Closest Z starting country Zambia
89%
Now known as China
83%
Good Friend Russia
83%
Border Vietnam
83%
River Yangtze | Yellow
83%
Border Afghanistan
61%
To describe an old empire Dynasty
56%
China got smaller
Mongolia got bigger
Inner Mongolia
50%
Mountain, Desert, State Tian | Taklimakan | Tibet
50%
1930's was bordering France
44%
A ________ of the population on earth Majority
44%
China is an extremely ___ country Old
39%
Who started coronavirus Hubei
33%
Just southeast of Them or there currency Phillipines | Peso
33%
China's.... Queen
28%
State Xinjiang
22%
Range of Mountains Kunlun
17%
That only Chinese state Liaoning
17%
Started not too far from China Neolithic
6%
V China South China
6%
China in UNIVERSE
6%
What chinese people rage about West Taiwan
6%
No matching quizzes found
Score Distribution
Percent of People with Each Score
Percentile by Number Answered
Your Score History
You have not taken this quiz